| 000 | 00558nam a2200217 a 4500 | ||
|---|---|---|---|
| 001 | 14355 | ||
| 003 | BD-JhCC | ||
| 005 | 20250311122725.0 | ||
| 008 | 250311b2022 bg |||| ||a| 000 0 eng d | ||
| 020 | _a9789849449638 | ||
| 035 | _a(BD-JhCC)14355 | ||
| 040 |
_aBD-JhCC _dBD-JhCC |
||
| 041 | _aenglish | ||
| 082 |
_a891.4415 _bBOR 2022 |
||
| 100 | _aBorhan, M. N. S | ||
| 245 |
_aTrue Valentino To Ye Ever / _c M. N. S Borhan. |
||
| 260 |
_aDhaka: _bPranto prokashon; _c2022. |
||
| 300 |
_a80 p. : _c22 cm. |
||
| 650 | _aEnglish Poem. | ||
| 942 |
_2ddc _cBK |
||
| 999 |
_c14355 _d14355 |
||